00376nam a2200097Ia 4500008004100000040002900041050002800070100002500098245012400123260003100247230222s9999||||xx |||||||||||||| ||und|| cChuka University Library aTHE HG 1707.5bM86 2016 aMunene,Everlyn Ninga 0aEffect of unsecured commercial bank loans on financial performance of savings and credit co-operative socities in Kenya aCUbChuka Universityc2016